[Event "PRO League Stage"]
[Site "Chess.com INT"]
[Date "2019.01.08"]
[Round "1"]
[White "Gorozhanin, Mikhail"]
[Black "Manukian, Artak"]
[Result "0-1"]
[WhiteElo "2429"]
[BlackElo "2196"]
[PlyCount "136"]
[EventDate "2019.01.08"]
[EventType "team-swiss (rapid)"]
[EventRounds "10"]
[EventCountry "USA"]
[SourceTitle "CBM 188 Extra"]
[Source "ChessBase"]
[SourceDate "2019.02.26"]
[SourceVersion "1"]
[SourceVersionDate "2019.02.26"]
[SourceQuality "1"]
[WhiteTeam "Volga Stormbringers"]
[BlackTeam "Armenia Eagles"]
[WhiteTeamCountry "RUS"]
[BlackTeamCountry "ARM"]

1. d4 Nf6 2. Nf3 d5 3. c4 c6 4. Nbd2 e6 5. g3 Nbd7 6. Bg2 Be7 7. 0-0 0-0 8. Qc2 b6 9. e4 Bb7 10. e5 Ne8 11. cxd5 cxd5 12. Re1 Ba6 13. Nf1 Rc8 14. Qb3 b5 15. h4 h6 16. Ne3 Qa5 17. Ng4 Qa4 18. Qe3 Qc2 19. Bf1 Qh7 20. Bd3 Qh8 21. h5 Nc7 22. Qe2 Nb8 23. a3 b4 24. axb4 Bxd3 25. Qxd3 Bxb4 26. Bd2 Bxd2 27. Qxd2 Nb5 28. Rac1 Qh7 29. Qf4 Nd7 30. Kg2 Rc4 31. b3 Rc3 32. Rxc3 Nxc3 33. Qd2 Ne4 34. Qa5 f5 35. Ne3 g5 36. hxg6 Qxg6 37. Nxd5 exd5 38. Qxd5+ Kh8 39. Qxd7 f4 40. Nh4 f3+ 41. Kg1 Qxg3+ 42. fxg3 f2+ 43. Kf1 Nxg3+ 44. Kg2 fxe1Q 45. Ng6+ Kg8 46. Ne7+ Kg7 47. Nf5+ Kg6 48. Nxg3 Qf2+ 49. Kh3 Qf7 50. Qxf7+ Kxf7 51. Kg4 Ke6 52. Ne2 Rg8+ 53. Kf3 h5 54. Ke4 h4 55. Nf4+ Ke7 56. d5 Rg1 57. d6+ Kd7 58. Kf5 Rf1 59. Kg4 h3 60. Nxh3 Ke6 61. Ng5+ Kd7 62. Kh5 Rf5 63. Kg6 Rxe5 64. Nf7 Re3 65. Kf6 Rxb3 66. Ke5 Rb5+ 67. Kd4 a6 68. Kc4 Ke6 0-1

[Event "PRO League Stage"]
[Site "Chess.com INT"]
[Date "2019.01.08"]
[Round "1"]
[White "Gorozhanin, Mikhail"]
[Black "Martirosyan, Haik M"]
[Result "0-1"]
[WhiteElo "2429"]
[BlackElo "2607"]
[PlyCount "92"]
[EventDate "2019.01.08"]
[EventType "team-swiss (rapid)"]
[EventRounds "10"]
[EventCountry "USA"]
[SourceTitle "CBM 188 Extra"]
[Source "ChessBase"]
[SourceDate "2019.02.26"]
[SourceVersion "1"]
[SourceVersionDate "2019.02.26"]
[SourceQuality "1"]
[WhiteTeam "Volga Stormbringers"]
[BlackTeam "Armenia Eagles"]
[WhiteTeamCountry "RUS"]
[BlackTeamCountry "ARM"]

1. d4 Nf6 2. Bf4 e6 3. e3 d5 4. Nf3 c5 5. c3 Bd6 6. Bg3 Qc7 7. Nbd2 Nbd7 8. c4 0-0 9. Rc1 Bxg3 10. hxg3 dxc4 11. Nxc4 b6 12. Bd3 Bb7 13. g4 g6 14. g5 Nd5 15. Bb1 Ba6 16. Nce5 Nxe5 17. Nxe5 Qe7 18. Qg4 cxd4 19. Nc6 Qd6 20. Qh4 h5 21. gxh6 dxe3 22. Qd4 exf2+ 23. Kxf2 Qf4+ 24. Qxf4 Nxf4 25. Ne7+ Kh8 26. Rc7 Rad8 27. g3 Nh5 28. Be4 Rd2+ 29. Ke3 Re2+ 30. Kf3 Rxb2 31. g4 Be2+ 32. Ke3 Bxg4 33. Bxg6 Re2+ 34. Kd4 Nf4 35. Bc2 Rd8+ 36. Kc3 Re3+ 37. Kb2 Nd3+ 38. Ka1 Ne5 39. Bb1 Bf3 40. Rh3 Re1 41. Rh4 Be2 42. Kb2 Bd3 43. Bc2 Re2 44. Rf4 Bxc2 45. Rxf7 Bg6+ 46. Kc3 Bxf7 0-1

[Event "PRO League Stage"]
[Site "Chess.com INT"]
[Date "2018.02.24"]
[Round "7"]
[White "Akobian, Varuzhan"]
[Black "Gorozhanin, Mikhail"]
[Result "0-1"]
[WhiteElo "2647"]
[BlackElo "2435"]
[PlyCount "102"]
[EventDate "2018.01.18"]
[EventType "team-swiss (rapid)"]
[EventRounds "9"]
[EventCountry "USA"]
[SourceTitle "EXT 2019"]
[Source "ChessBase"]
[SourceDate "2018.10.10"]
[SourceVersion "1"]
[SourceVersionDate "2018.10.10"]
[SourceQuality "1"]
[WhiteTeam "Saint Louis Arch Bishops"]
[BlackTeam "Volga Stormbringers"]
[WhiteTeamCountry "USA"]
[BlackTeamCountry "RUS"]

1. d4 d5 2. c4 e6 3. Nc3 c6 4. e3 Bd6 5. Nf3 f5 6. Bd3 Nf6 7. 0-0 0-0 8. Ne5 Nbd7 9. f4 Ne4 10. Nxe4 dxe4 11. Be2 Nxe5 12. fxe5 Be7 13. Kh1 Bd7 14. g4 g6 15. gxf5 gxf5 16. Rg1+ Kh8 17. Bd2 Be8 18. Bc3 Bg5 19. Rg3 f4 20. exf4 Bxf4 21. Rg2 Bg6 22. Bh5 Bf5 23. Bg4 Qh4 24. Bxf5 Rxf5 25. Qg4 Qxg4 26. Rxg4 e3 27. Re1 Raf8 28. Kg2 Bh6 29. d5 cxd5 30. cxd5 Rf2+ 31. Kh3 Bf4 32. Rxf4 R2xf4 33. dxe6 Re8 34. e7 Kg7 35. Kg3 Rf5 36. Rxe3 Rxe7 37. e6+ Kg6 38. Bb4 Rg7 39. h4 Kh5+ 40. Kh3 Rg8 41. e7 Re8 42. Re6 Rf3+ 43. Kg2 Rf4 44. Re5+ Kxh4 45. Be1+ Kg4 46. Bd2 Rf5 47. Re4+ Kh5 48. Bb4 Kg6 49. Rd4 Kf7 50. Rd8 a5 51. Bd6 Rd5 0-1

[Event "PRO League Stage"]
[Site "Chess.com INT"]
[Date "2018.02.24"]
[Round "7"]
[White "Gorozhanin, Mikhail"]
[Black "Le, Tuan Minh"]
[Result "1/2-1/2"]
[WhiteElo "2435"]
[BlackElo "2485"]
[PlyCount "162"]
[EventDate "2018.01.18"]
[EventType "team-swiss (rapid)"]
[EventRounds "9"]
[EventCountry "USA"]
[SourceTitle "EXT 2019"]
[Source "ChessBase"]
[SourceDate "2018.10.10"]
[SourceVersion "1"]
[SourceVersionDate "2018.10.10"]
[SourceQuality "1"]
[WhiteTeam "Volga Stormbringers"]
[BlackTeam "Pittsburgh Pawngrabbers"]
[WhiteTeamCountry "RUS"]
[BlackTeamCountry "USA"]

1. d4 Nf6 2. Nf3 e6 3. Bf4 d5 4. e3 Bd6 5. Bg3 c5 6. Nbd2 0-0 7. c3 Qc7 8. Bd3 Nbd7 9. 0-0 e5 10. Bf5 e4 11. Ne1 Re8 12. Bxd7 Bxd7 13. Bxd6 Qxd6 14. dxc5 Qxc5 15. Nb3 Qd6 16. h3 Bb5 17. Nc2 Bxf1 18. Qxf1 Rad8 19. Rd1 h6 20. Qb5 Qc7 21. Nbd4 a6 22. Qb3 Re5 23. Nb4 Rg5 24. Ne2 a5 25. Nc2 Re5 26. Nf4 g5 27. Ne2 Re6 28. Ncd4 Rb6 29. Qc2 Nd7 30. Nf5 Ne5 31. Ned4 Rf6 32. Qe2 Qd7 33. Ng3 Nd3 34. Rxd3 exd3 35. Qxd3 Re8 36. Nh5 Rb6 37. Nf5 Re5 38. Qd4 Qe6 39. Nhg7 Qf6 40. Nh5 Qe6 41. Nhg7 Qf6 42. Nh5 Rxf5 43. Nxf6+ Rbxf6 44. f3 Re6 45. Kf2 Rfe5 46. a4 b6 47. b4 f5 48. bxa5 bxa5 49. Qa7 Re7 50. Qb8+ Kg7 51. Qb6 Kh7 52. Qd4 Kg6 53. Qb6+ R7e6 54. Qd4 Re7 55. Qb6+ R7e6 56. Qd4 h5 57. g4 hxg4 58. hxg4 fxg4 59. fxg4 Re4 60. Qxd5 Rf6+ 61. Ke2 Rxg4 62. Qxa5 Rg2+ 63. Kd3 g4 64. Qd8 Rff2 65. Ke4 g3 66. Qg8+ Kh5 67. a5 Rg1 68. Qh7+ Kg4 69. Qd7+ Kh4 70. Qh7+ Kg4 71. Qd7+ Kh4 72. Qh7+ Kg4 73. a6 Ra1 74. Qd7+ Kh4 75. Qh7+ Kg4 76. Qd7+ Kh4 77. Qh7+ Kg4 78. Qd7+ Kh4 79. Qh7+ Kg4 80. Qd7+ Kh4 81. Qh7+ Kg4 1/2-1/2

[Event "PRO League Stage"]
[Site "Chess.com INT"]
[Date "2018.02.24"]
[Round "7"]
[White "Gorozhanin, Mikhail"]
[Black "Macieja, Bartlomiej"]
[Result "0-1"]
[WhiteElo "2435"]
[BlackElo "2550"]
[PlyCount "112"]
[EventDate "2018.01.18"]
[EventType "team-swiss (rapid)"]
[EventRounds "9"]
[EventCountry "USA"]
[SourceTitle "EXT 2019"]
[Source "ChessBase"]
[SourceDate "2018.10.10"]
[SourceVersion "1"]
[SourceVersionDate "2018.10.10"]
[SourceQuality "1"]
[WhiteTeam "Volga Stormbringers"]
[BlackTeam "Rio Grande Ospreys"]
[WhiteTeamCountry "RUS"]
[BlackTeamCountry "USA"]

1. d4 Nf6 2. Bf4 d5 3. e3 c5 4. c3 cxd4 5. exd4 Nc6 6. Nd2 Bf5 7. Qb3 Qc8 8. Ngf3 h6 9. h3 e6 10. Be2 Be7 11. 0-0 0-0 12. a4 a6 13. Qa2 b6 14. Rfe1 Qb7 15. Qb3 Na5 16. Qd1 b5 17. b4 Nc4 18. Nb3 Nb2 19. Qc1 Nxa4 20. Nc5 Bxc5 21. dxc5 Ne4 22. Ra3 f6 23. Nd4 Rfe8 24. Bd1 Bg6 25. Bxa4 bxa4 26. Be3 e5 27. Nc2 Qb5 28. f3 Ng3 29. Qd2 d4 30. cxd4 Bxc2 31. Qxc2 exd4 32. Bf2 Rxe1+ 33. Bxe1 Qf1+ 34. Kh2 Qxe1 35. Qa2+ Kh8 36. Qa1 Qxa1 37. Rxa1 Ne2 38. Rxa4 Nc3 39. Ra3 Kh7 40. Kg3 Rb8 41. Rxa6 Rxb4 42. Rd6 Rc4 43. c6 Nb5 44. Rd5 Nc7 45. Rd6 d3 46. Rxd3 Rxc6 47. Rd7 Rc2 48. h4 h5 49. Rd8 Ne6 50. Rd5 Kg6 51. Rd6 Nc7 52. Kh3 Rc3 53. Kh2 Nb5 54. Rd5 Na3 55. f4 Nc2 56. f5+ Kh7 0-1

[Event "PRO League Stage"]
[Site "Chess.com INT"]
[Date "2018.01.31"]
[Round "3"]
[White "Meskovs, Nikita"]
[Black "Gorozhanin, Mikhail"]
[Result "1-0"]
[WhiteElo "2546"]
[BlackElo "2435"]
[PlyCount "81"]
[EventDate "2018.01.18"]
[EventType "team-swiss (rapid)"]
[EventRounds "9"]
[EventCountry "USA"]
[SourceTitle "CBM 182 Extra"]
[Source "ChessBase"]
[SourceDate "2018.02.23"]
[SourceVersion "1"]
[SourceVersionDate "2018.02.23"]
[SourceQuality "1"]
[WhiteTeam "Riga Magicians"]
[BlackTeam "Volga Stormbringers"]
[WhiteTeamCountry "LAT"]
[BlackTeamCountry "RUS"]

1. d4 d5 2. c4 e6 3. Nf3 c6 4. Nc3 dxc4 5. a4 Bb4 6. e3 b5 7. Bd2 a5 8. Be2 Nf6 9. 0-0 0-0 10. Ne5 Ba6 11. Bf3 Nd5 12. axb5 cxb5 13. Nxd5 exd5 14. Bxb4 axb4 15. e4 Bb7 16. Rxa8 Bxa8 17. Qa1 dxe4 18. Qxa8 exf3 19. Nxf3 Qb6 20. Qd5 Rd8 21. Re1 h6 22. Qe4 Nd7 23. Qe7 b3 24. h3 Nf6 25. Ne5 Rf8 26. Re3 Qxd4 27. Kh2 Qd8 28. Qc5 Qd5 29. Qe7 Re8 30. Qc7 h5 31. f4 h4 32. Re1 Rf8 33. Nc6 Qd2 34. Ne7+ Kh7 35. Qe5 Qf2 36. Qf5+ Kh8 37. Re5 Qg3+ 38. Kh1 Rd8 39. Qh5+ Nh7 40. Qxh7+ Kxh7 41. Rh5# 1-0

[Event "PRO League Stage"]
[Site "Chess.com INT"]
[Date "2018.01.25"]
[Round "2"]
[White "Gorozhanin, Mikhail"]
[Black "Ehlvest, Jaan"]
[Result "1/2-1/2"]
[WhiteElo "2435"]
[BlackElo "2536"]
[PlyCount "101"]
[EventDate "2018.01.18"]
[EventType "team-swiss (rapid)"]
[EventRounds "9"]
[EventCountry "USA"]
[SourceTitle "CBM 182 Extra"]
[Source "ChessBase"]
[SourceDate "2018.02.23"]
[SourceVersion "1"]
[SourceVersionDate "2018.02.23"]
[SourceQuality "1"]
[WhiteTeam "Volga Stormbringers"]
[BlackTeam "Estonia Horses"]
[WhiteTeamCountry "RUS"]
[BlackTeamCountry "EST"]

1. d4 Nf6 2. Nf3 e6 3. Bf4 d5 4. e3 Bd6 5. Ne5 0-0 6. Nd2 c5 7. c3 Nc6 8. Bg3 Bxe5 9. dxe5 Nd7 10. f4 b6 11. Bd3 Bb7 12. 0-0 a5 13. Bc2 f5 14. exf6 Nxf6 15. e4 d4 16. Bb3 Qe8 17. f5 Nd8 18. cxd4 a4 19. Bxe6+ Nxe6 20. fxe6 Qxe6 21. d5 Qe8 22. Re1 Qg6 23. Qe2 Ba6 24. Qd1 Bd3 25. Qf3 c4 26. Qe3 Nxe4 27. Nxe4 Rae8 28. Nf6+ gxf6 29. Qxb6 Be4 30. Rad1 a3 31. d6 Rb8 32. Qd4 axb2 33. d7 b1Q 34. Rxb1 Rxb1 35. Rxb1 Bxb1 36. d8Q Rxd8 37. Qxd8+ Kg7 38. Bd6 Qf7 39. Qa5 Be4 40. Qd2 Qd5 41. Qxd5 Bxd5 42. Bb4 Bc6 43. Bc3 Kg6 44. Kf2 f5 45. a3 Kf7 46. g3 Ke6 47. Ke3 Kd5 48. Kf4 Bd7 49. a4 Bxa4 50. Kxf5 Bc2+ 51. Kf4 1/2-1/2

[Event "PRO League Stage"]
[Site "Chess.com INT"]
[Date "2018.01.25"]
[Round "2"]
[White "Gorozhanin, Mikhail"]
[Black "Kanep, Meelis"]
[Result "0-1"]
[WhiteElo "2435"]
[BlackElo "2446"]
[PlyCount "78"]
[EventDate "2018.01.18"]
[EventType "team-swiss (rapid)"]
[EventRounds "9"]
[EventCountry "USA"]
[SourceTitle "CBM 182 Extra"]
[Source "ChessBase"]
[SourceDate "2018.02.23"]
[SourceVersion "1"]
[SourceVersionDate "2018.02.23"]
[SourceQuality "1"]
[WhiteTeam "Volga Stormbringers"]
[BlackTeam "Estonia Horses"]
[WhiteTeamCountry "RUS"]
[BlackTeamCountry "EST"]

1. d4 Nf6 2. Nf3 g6 3. c4 Bg7 4. Nc3 d6 5. e4 0-0 6. Be2 Bg4 7. h3 Bxf3 8. Bxf3 Nfd7 9. Be3 c5 10. d5 Qb6 11. Qd2 Ne5 12. Be2 Qb4 13. Nb5 Qxd2+ 14. Kxd2 Rc8 15. f4 Ned7 16. Nc3 Na6 17. h4 Nc7 18. h5 e6 19. g4 exd5 20. exd5 Re8 21. g5 b5 22. Rh3 bxc4 23. Bxc4 Nb6 24. Kd3 Nxc4 25. Kxc4 Rab8 26. hxg6 fxg6 27. a3 Rxb2 28. Bxc5 dxc5 29. d6 Ne6 30. Re1 Kf7 31. Rhe3 Rc2 32. d7 Rd8 33. Rxe6 Rxc3+ 34. Kd5 Rxd7+ 35. Kc6 Rcd3 36. Kxc5 Bf8+ 37. Kc6 R3d6+ 38. Rxd6 Rxd6+ 39. Kb7 Rd4 0-1

[Event "PRO League Stage"]
[Site "Chess.com INT"]
[Date "2018.01.18"]
[Round "1"]
[White "Gorozhanin, Mikhail"]
[Black "Tari, Aryan"]
[Result "0-1"]
[WhiteElo "2435"]
[BlackElo "2599"]
[PlyCount "132"]
[EventDate "2018.01.18"]
[EventType "team-swiss (rapid)"]
[EventRounds "9"]
[EventCountry "USA"]
[SourceTitle "CBM 182 Extra"]
[Source "ChessBase"]
[SourceDate "2018.02.23"]
[SourceVersion "1"]
[SourceVersionDate "2018.02.23"]
[SourceQuality "1"]
[WhiteTeam "Volga Stormbringers"]
[BlackTeam "Norway Gnomes"]
[WhiteTeamCountry "RUS"]
[BlackTeamCountry "NOR"]

1. d4 Nf6 2. Nf3 d5 3. Bf4 c5 4. e3 Nc6 5. Nc3 a6 6. Be2 e6 7. 0-0 Bd6 8. Bxd6 Qxd6 9. Na4 cxd4 10. exd4 0-0 11. c3 Ne4 12. Nd2 f5 13. f3 Nf6 14. Nb3 Bd7 15. Nac5 Qc7 16. Re1 Rae8 17. Bf1 Bc8 18. Qd2 Qd6 19. Nd3 h6 20. Qf4 Qxf4 21. Nxf4 Kf7 22. Nc5 g5 23. Nfd3 b6 24. Nb3 Nd7 25. Rac1 Bb7 26. a4 Rc8 27. g3 Na5 28. Nxa5 bxa5 29. Kf2 Bc6 30. b3 Rb8 31. Rb1 Rb7 32. Rb2 Rfb8 33. Reb1 Ke7 34. Ke3 Kd6 35. f4 Rc8 36. Kd2 Rbc7 37. Re1 Bb7 38. Rc2 Rb8 39. Be2 Bc6 40. Nc1 Rb6 41. Bd3 Nf6 42. Ke3 Bd7 43. c4 dxc4 44. bxc4 Rb4 45. Na2 Rxa4 46. Nc3 Rb4 47. fxg5 hxg5 48. Kd2 a4 49. c5+ Ke7 50. Bxf5 Rxd4+ 51. Ke3 Rc4 52. Kd3 R7xc5 53. Bh3 a3 54. Nd5+ Nxd5 55. Rxc4 Bb5 56. Rxe6+ Kf7 57. Kd4 Rxc4+ 58. Kxd5 a2 59. Re1 Rb4 60. Be6+ Kf6 61. Ra1 Bc4+ 62. Kc5 Rb1 63. Rxa2 Bxa2 64. Bxa2 Rb2 65. Bc4 Rxh2 66. Bxa6 Rg2 0-1

[Event "PRO League KO Stage"]
[Site "Chess.com INT"]
[Date "2017.03.15"]
[Round "3"]
[White "Kaasen, Tor Fredrik"]
[Black "Gorozhanin, Mikhail"]
[Result "1-0"]
[WhiteElo "2442"]
[BlackElo "2419"]
[PlyCount "67"]
[EventDate "2017.03.01"]
[EventType "team-k.o. (rapid)"]
[EventRounds "5"]
[EventCountry "USA"]
[SourceTitle "CBM 177 Extra"]
[Source "ChessBase"]
[SourceDate "2017.04.27"]
[SourceVersion "1"]
[SourceVersionDate "2017.04.27"]
[SourceQuality "1"]
[WhiteTeam "Norway Gnomes"]
[BlackTeam "Gorky Stormbringers"]
[WhiteTeamCountry "NOR"]
[BlackTeamCountry "RUS"]

1. Nf3 d5 2. d4 c6 3. c4 e6 4. e3 Bd6 5. Bd3 Nf6 6. 0-0 0-0 7. Nbd2 c5 8. cxd5 exd5 9. dxc5 Bxc5 10. b3 Nc6 11. Bb2 Bd6 12. Qe2 Bg4 13. Rad1 Re8 14. h3 Bh5 15. Nb1 d4 16. g4 Nxg4 17. hxg4 Bxg4 18. Kg2 Qf6 19. Bxd4 Nxd4 20. Bxh7+ Kxh7 21. Rxd4 Bf5 22. Rh1+ Kg8 23. Nbd2 Be7 24. Kf1 Rac8 25. Nc4 Qa6 26. Nfe5 g6 27. Ng4 Be6 28. Qb2 f6 29. Rh6 Kg7 30. Re4 Bxg4 31. Rxg6+ Kxg6 32. Rxg4+ Kf7 33. Qc2 Rh8 34. Qf5 1-0

[Event "PRO League Stage"]
[Site "Chess.com INT"]
[Date "2017.02.11"]
[Round "5"]
[White "Gorozhanin, Mikhail"]
[Black "Smith, Bryan G"]
[Result "0-1"]
[WhiteElo "2408"]
[BlackElo "2423"]
[PlyCount "162"]
[EventDate "2017.01.11"]
[EventType "team-swiss (rapid)"]
[EventRounds "7"]
[EventCountry "USA"]
[SourceTitle "CBM 176 Extra"]
[Source "ChessBase"]
[SourceDate "2017.03.02"]
[SourceVersion "1"]
[SourceVersionDate "2017.03.02"]
[SourceQuality "1"]
[WhiteTeam "Gorky Stormbringers"]
[BlackTeam "Philadelphia Inventors"]
[WhiteTeamCountry "RUS"]
[BlackTeamCountry "UAE"]

1. d4 Nf6 2. Bf4 g6 3. e3 Bg7 4. Nf3 d6 5. h3 0-0 6. c3 b6 7. Nbd2 Bb7 8. Be2 Nbd7 9. 0-0 c5 10. a4 a6 11. Bh2 Qc7 12. Qb1 Rfe8 13. Rc1 Rac8 14. Qa2 cxd4 15. exd4 Nd5 16. Bxa6 Bxa6 17. Qxd5 Nf6 18. Qb3 e5 19. dxe5 dxe5 20. Re1 Nd7 21. Ne4 Bc4 22. Qd1 Nc5 23. Qd6 Nxe4 24. Qxc7 Rxc7 25. Rxe4 f6 26. Rd1 Ra8 27. g4 g5 28. h4 h6 29. hxg5 hxg5 30. Nd4 Bd5 31. Ree1 Rxa4 32. Nf5 Rxg4+ 33. Bg3 Be6 34. Rd8+ Kh7 35. Ne3 Ra4 36. Kg2 Kg6 37. Rd6 Kf7 38. Rxb6 Ra2 39. Rd1 Bf8 40. Rb5 Bc5 41. Nc2 Bc8 42. f3 Ba6 43. Rb8 Bb7 44. Rb1 Ba7 45. Rd8 Ke7 46. Rd2 Rc8 47. Nb4 Ra5 48. Rbd1 Rc7 49. Nd5+ Bxd5 50. Rxd5 Rxd5 51. Rxd5 Rb7 52. Rd2 Ke6 53. Kf1 Be3 54. Re2 Bc1 55. b4 Kd5 56. Be1 Kc4 57. Rc2 Be3 58. Ke2 Bb6 59. Ra2 f5 60. Ra8 Rg7 61. Rc8+ Kd5 62. c4+ Ke6 63. c5 Kd7 64. Rb8 Bc7 65. Ra8 g4 66. fxg4 Rxg4 67. b5 Re4+ 68. Kf1 Rf4+ 69. Bf2 e4 70. Ke2 Be5 71. Ra7+ Ke6 72. Be3 Rh4 73. Ra6+ Kd5 74. b6 Rh2+ 75. Kf1 Rb2 76. Ra7 f4 77. Rd7+ Ke6 78. Bc1 Kxd7 79. Bxb2 Bxb2 80. Ke2 Bd4 81. b7 Kc7 0-1

[Event "PRO League Stage"]
[Site "Chess.com INT"]
[Date "2017.02.11"]
[Round "5"]
[White "Norowitz, Yaacov"]
[Black "Gorozhanin, Mikhail"]
[Result "1-0"]
[WhiteElo "2429"]
[BlackElo "2408"]
[PlyCount "63"]
[EventDate "2017.01.11"]
[EventType "team-swiss (rapid)"]
[EventRounds "7"]
[EventCountry "USA"]
[SourceTitle "CBM 176 Extra"]
[Source "ChessBase"]
[SourceDate "2017.03.02"]
[SourceVersion "1"]
[SourceVersionDate "2017.03.02"]
[SourceQuality "1"]
[WhiteTeam "Philadelphia Inventors"]
[BlackTeam "Gorky Stormbringers"]
[WhiteTeamCountry "UAE"]
[BlackTeamCountry "RUS"]

1. d4 d5 2. Nf3 c6 3. Bf4 Qb6 4. Qc1 Bf5 5. e3 e6 6. Bd3 Bg6 7. 0-0 Nd7 8. Bxg6 hxg6 9. c4 Ngf6 10. c5 Qa6 11. Nc3 b6 12. b4 Be7 13. b5 cxb5 14. c6 Nf8 15. a4 b4 16. Nb5 Rc8 17. Bd6 Ne4 18. Bxe7 Kxe7 19. Nd2 Nxd2 20. Qxd2 Qa5 21. e4 a6 22. exd5 axb5 23. axb5 Qxb5 24. Ra7+ Kd8 25. Qf4 Qxd5 26. Qxf7 Qd6 27. Rc1 Qxh2+ 28. Kf1 Qh1+ 29. Ke2 Qh5+ 30. f3 Qb5+ 31. Kf2 Qg5 32. Rd7+ 1-0

[Event "PRO League Stage"]
[Site "Chess.com INT"]
[Date "2017.02.11"]
[Round "5"]
[White "Postny, Evgeny"]
[Black "Gorozhanin, Mikhail"]
[Result "1/2-1/2"]
[WhiteElo "2601"]
[BlackElo "2408"]
[PlyCount "97"]
[EventDate "2017.01.11"]
[EventType "team-swiss (rapid)"]
[EventRounds "7"]
[EventCountry "USA"]
[SourceTitle "CBM 176 Extra"]
[Source "ChessBase"]
[SourceDate "2017.03.02"]
[SourceVersion "1"]
[SourceVersionDate "2017.03.02"]
[SourceQuality "1"]
[WhiteTeam "Philadelphia Inventors"]
[BlackTeam "Gorky Stormbringers"]
[WhiteTeamCountry "UAE"]
[BlackTeamCountry "RUS"]

1. d4 d5 2. c4 e6 3. Nf3 c6 4. g3 Nf6 5. Bg2 dxc4 6. Ne5 b5 7. Nxc6 Qb6 8. Ne5 Bb7 9. Bxb7 Qxb7 10. 0-0 Nc6 11. a4 a6 12. axb5 axb5 13. Rxa8+ Qxa8 14. Nc3 Qb7 15. Bg5 Nxe5 16. dxe5 Nd7 17. Qd2 h6 18. Be3 b4 19. Na4 Qb5 20. Ra1 Be7 21. Nc5 Nb6 22. Ne4 0-0 23. Bxb6 Qxb6 24. Qd7 Bc5 25. Rd1 Rb8 26. e3 Bf8 27. Nd6 Bxd6 28. exd6 Qd8 29. Qc7 Rc8 30. Qb7 Rb8 31. Qc6 Qc8 32. Qxc8+ Rxc8 33. e4 e5 34. Kf1 f6 35. Rc1 c3 36. bxc3 bxc3 37. Ke2 Kf7 38. d7 Rd8 39. Rxc3 Rxd7 40. Ra3 h5 41. h4 Rd4 42. Ke3 Rb4 43. Ra7+ Kg6 44. Rc7 Rb3+ 45. Ke2 Kh6 46. Ra7 Rc3 47. Rb7 Ra3 48. Rc7 Kg6 49. Rb7 1/2-1/2

[Event "PRO League Eastern"]
[Site "Chess.com INT"]
[Date "2017.02.01"]
[Round "4"]
[White "Gorozhanin, Mikhail"]
[Black "Romanov, Evgeny"]
[Result "0-1"]
[WhiteElo "2408"]
[BlackElo "2644"]
[PlyCount "108"]
[EventDate "2017.01.11"]
[EventType "team-swiss (rapid)"]
[EventRounds "7"]
[EventCountry "USA"]
[SourceTitle "CBM 176 Extra"]
[Source "ChessBase"]
[SourceDate "2017.03.02"]
[SourceVersion "1"]
[SourceVersionDate "2017.03.02"]
[SourceQuality "1"]
[WhiteTeam "Gorky Stormbringers"]
[BlackTeam "Norway Gnomes"]
[WhiteTeamCountry "RUS"]
[BlackTeamCountry "NOR"]

1. d4 Nf6 2. Bf4 b6 3. e3 Bb7 4. Nf3 c5 5. h3 g6 6. Be2 Bg7 7. c3 0-0 8. 0-0 d6 9. a4 a6 10. Bh2 Nbd7 11. Nbd2 Bc6 12. b4 Nd5 13. Qb3 e5 14. b5 axb5 15. axb5 Bb7 16. Nc4 Qe7 17. dxe5 dxe5 18. Nfd2 Qe6 19. Bf3 e4 20. Bxe4 Bxc3 21. Rxa8 Bxa8 22. Bf3 Bg7 23. Bd6 Rd8 24. Bg4 f5 25. Bf3 Kh8 26. e4 Nc3 27. exf5 gxf5 28. Bxa8 Rxa8 29. Nf3 Ra4 30. Re1 Qxc4 31. Re8+ Nf8 32. Qxc4 Rxc4 33. Bxf8 Bxf8 34. Rxf8+ Kg7 35. Rxf5 Nxb5 36. Ne5 Rc1+ 37. Kh2 Nd6 38. Rf4 b5 39. g4 b4 40. Rf3 c4 41. Nd7 b3 42. Nc5 b2 43. Ne6+ Kg6 44. h4 Rh1+ 45. Kg3 Ne4+ 46. Kg2 b1Q 47. Nf8+ Kh6 48. g5+ Nxg5 49. hxg5+ Kxg5 50. Ne6+ Kh6 51. Rf6+ Kh5 52. Rf5+ Qxf5 53. Ng7+ Kg6 54. Nxf5 Kxf5 0-1

[Event "PRO League Eastern"]
[Site "Chess.com INT"]
[Date "2017.02.01"]
[Round "4"]
[White "Kaasen, Tor Fredrik"]
[Black "Gorozhanin, Mikhail"]
[Result "0-1"]
[WhiteElo "2468"]
[BlackElo "2408"]
[PlyCount "84"]
[EventDate "2017.01.11"]
[EventType "team-swiss (rapid)"]
[EventRounds "7"]
[EventCountry "USA"]
[SourceTitle "CBM 176 Extra"]
[Source "ChessBase"]
[SourceDate "2017.03.02"]
[SourceVersion "1"]
[SourceVersionDate "2017.03.02"]
[SourceQuality "1"]
[WhiteTeam "Norway Gnomes"]
[BlackTeam "Gorky Stormbringers"]
[WhiteTeamCountry "NOR"]
[BlackTeamCountry "RUS"]

1. Nf3 d5 2. d4 c6 3. c4 e6 4. e3 Nd7 5. Nbd2 f5 6. Bd3 Qf6 7. 0-0 Bd6 8. b3 Nh6 9. Bb2 0-0 10. a4 Bb8 11. b4 g5 12. Ne1 g4 13. g3 Qg7 14. b5 Nf6 15. a5 a6 16. Ba3 Re8 17. bxc6 bxc6 18. Rb1 Bc7 19. Qa4 Bd7 20. Bc5 Reb8 21. Ng2 Nf7 22. Nf4 Ng5 23. Rfc1 Nfe4 24. Bxe4 fxe4 25. Qa3 Bxf4 26. exf4 Nf3+ 27. Nxf3 gxf3 28. Rxb8+ Rxb8 29. Kf1 Qg4 30. Ke1 Qh3 31. Kd2 dxc4 32. Bb6 Qf5 33. Qd6 e3+ 34. Kc3 Qd3+ 35. Kb2 Qb3+ 36. Ka1 Rxb6 37. axb6 c3 38. Rxc3 Qxc3+ 39. Ka2 Qa5+ 40. Kb3 Qxb6+ 41. Kc2 Qd8 42. fxe3 f2 0-1

[Event "PRO League Eastern"]
[Site "Chess.com INT"]
[Date "2017.01.25"]
[Round "3"]
[White "Gorozhanin, Mikhail"]
[Black "Meskovs, Nikita"]
[Result "0-1"]
[WhiteElo "2408"]
[BlackElo "2490"]
[PlyCount "78"]
[EventDate "2017.01.11"]
[EventType "team-swiss (rapid)"]
[EventRounds "7"]
[EventCountry "USA"]
[SourceTitle "CBM 176 Extra"]
[Source "ChessBase"]
[SourceDate "2017.03.02"]
[SourceVersion "1"]
[SourceVersionDate "2017.03.02"]
[SourceQuality "1"]
[WhiteTeam "Gorky Stormbringers"]
[BlackTeam "Riga Magicians"]
[WhiteTeamCountry "RUS"]
[BlackTeamCountry "LAT"]

1. d4 Nf6 2. Bf4 e6 3. e3 b6 4. Nf3 Bb7 5. h3 Be7 6. Be2 0-0 7. 0-0 d5 8. c3 Nbd7 9. a4 a5 10. Na3 Ne4 11. Nb5 c6 12. Na3 g5 13. Bh2 f5 14. Ne1 Bd6 15. Bxd6 Nxd6 16. Nd3 Ba6 17. Nc2 Qf6 18. f4 Bxd3 19. Bxd3 gxf4 20. exf4 Ne4 21. Ne3 Kh8 22. Bxe4 dxe4 23. Nc4 Rg8 24. Kh2 Rg7 25. g3 Rag8 26. Rg1 Qh6 27. Qe2 Nf6 28. Ne5 Ng4+ 29. Nxg4 Rxg4 30. Qe3 R4g6 31. Qe2 Qg7 32. Qe3 Rh6 33. b4 Qg4 34. h4 Rh5 35. bxa5 bxa5 36. Rab1 Kg7 37. Qf2 Kf6 38. Rb6 Rg6 39. d5 Rgh6 0-1